[Event "Villa Martelli 90 Aanos"]
[Site "Villa Martelli"]
[Date "2023.09.01"]
[Round "2"]
[White "Fiorito, Francisco"]
[Black "Almiron, Antonio"]
[Result "1/2-1/2"]
[WhiteElo "2339"]
[BlackElo "2303"]
[PlyCount "46"]
[EventDate "2023.08.31"]
[EventType "tourn"]
[EventRounds "9"]
[EventCountry "ARG"]
[EventCategory "1"]
[SourceTitle "EXT 2024"]
[Source "ChessBase"]
[SourceDate "2023.10.10"]
[SourceVersion "1"]
[SourceVersionDate "2023.10.10"]
[SourceQuality "1"]

1. Nf3 Nf6 2. g3 b6 3. Bg2 Bb7 4. 0-0 g6 5. b3 Bg7 6. Bb2 0-0 7. c4 e6 8. Nc3 d6 9. d4 c5 10. Re1 Nc6 11. e3 Qe7 12. Qe2 Rfe8 13. Rad1 Rad8 14. h3 h6 15. Rc1 Ba6 16. Nb5 Rc8 17. Red1 Red8 18. Ne1 cxd4 19. exd4 d5 20. Ba3 Qd7 21. Nf3 Ne4 22. Bb2 Nd6 23. Ba3 Ne4 1/2-1/2

[Event "Titled Tuesday intern op 22nd Aug Late"]
[Site "Chess.com INT"]
[Date "2023.08.22"]
[Round "5"]
[White "Almiron, Antonio"]
[Black "Kostic, V Vladimir"]
[Result "1-0"]
[WhiteElo "2319"]
[BlackElo "2022"]
[PlyCount "109"]
[EventDate "2023.08.22"]
[EventType "swiss (blitz)"]
[EventRounds "11"]
[EventCountry "USA"]
[SourceTitle "EXT 2024"]
[Source "ChessBase"]
[SourceDate "2023.10.10"]
[SourceVersion "1"]
[SourceVersionDate "2023.10.10"]
[SourceQuality "1"]

1. e4 e5 2. Nf3 Nc6 3. Bb5 a6 4. Ba4 Nf6 5. 0-0 Be7 6. Re1 b5 7. Bb3 d6 8. c3 0-0 9. h3 Nb8 10. d4 Nbd7 11. Nbd2 Bb7 12. Bc2 Re8 13. Nf1 Bf8 14. Ng3 g6 15. Bd2 Bg7 16. Qc1 c5 17. d5 c4 18. b4 a5 19. a4 axb4 20. cxb4 bxa4 21. Bxa4 Qc7 22. Bc3 Rec8 23. Qe3 Nb6 24. Bb5 Rxa1 25. Rxa1 Nbxd5 26. exd5 Nxd5 27. Qc1 Nxc3 28. Qxc3 d5 29. Rc1 d4 30. Qxc4 Qb6 31. Qxc8+ Bxc8 32. Rxc8+ Bf8 33. Bc4 Qxb4 34. Ng5 Qe1+ 35. Kh2 Qxf2 36. Nxf7 Kg7 37. Rc7 e4 38. Ng5+ Kh6 39. Nf7+ Kg7 40. Ne5+ Kh8 41. Rf7 Qc2 42. Rxf8+ Kg7 43. Rf7+ Kh6 44. Ng4+ Kg5 45. Bd5 h5 46. Nxe4+ Qxe4 47. Bxe4 hxg4 48. hxg4 d3 49. Bxd3 Kh4 50. Bxg6 Kg5 51. Bc2 Kh4 52. Rf3 Kg5 53. Rh3 Kf4 54. Rh4 Kg5 55. Kh3 1-0

[Event "Titled Tuesday intern op 22nd Aug Late"]
[Site "Chess.com INT"]
[Date "2023.08.22"]
[Round "6"]
[White "Haszon, David"]
[Black "Almiron, Antonio"]
[Result "0-1"]
[WhiteElo "2250"]
[BlackElo "2319"]
[PlyCount "86"]
[EventDate "2023.08.22"]
[EventType "swiss (blitz)"]
[EventRounds "11"]
[EventCountry "USA"]
[SourceTitle "EXT 2024"]
[Source "ChessBase"]
[SourceDate "2023.10.10"]
[SourceVersion "1"]
[SourceVersionDate "2023.10.10"]
[SourceQuality "1"]

1. d4 Nf6 2. Bf4 e6 3. Nf3 c5 4. e3 Nc6 5. Nbd2 d5 6. c3 Bd6 7. Bg3 0-0 8. Bd3 b6 9. e4 Be7 10. e5 Nh5 11. Ng5 Bxg5 12. Qxh5 g6 13. Qh3 cxd4 14. Nf3 dxc3 15. bxc3 Be7 16. Qh6 Re8 17. h4 Bf8 18. Qf4 h6 19. h5 g5 20. Qe3 Bg7 21. Nd4 Bd7 22. 0-0 f6 23. f4 f5 24. Rfd1 Nxd4 25. Qxd4 Bf8 26. fxg5 Bc5 27. gxh6 Bxd4+ 28. cxd4 Qg5 29. Kf2 Qxh6 30. Kf3 Qxh5+ 31. Kf2 Re7 32. Rh1 Qg6 33. Bf4 Rh7 34. g3 Rc8 35. Kg2 Rc3 36. Rxh7 Qxh7 37. Be2 Rc2 38. Re1 Bb5 39. Kf2 Qh5 40. g4 Qxg4 41. Rg1 Rxe2+ 42. Kf1 Rg2+ 43. Ke1 Qe2# 0-1

[Event "Asuncion CIT op"]
[Site "Asuncion"]
[Date "2023.08.15"]
[Round "6"]
[White "Jodorcovsky, Paulo Leonardo"]
[Black "Almiron, Antonio"]
[Result "0-1"]
[WhiteElo "1800"]
[BlackElo "2319"]
[PlyCount "66"]
[EventDate "2023.08.12"]
[EventType "swiss"]
[EventRounds "9"]
[EventCountry "PAR"]
[SourceTitle "CBM 215 Extra"]
[Source "ChessBase"]
[SourceDate "2023.09.30"]
[SourceVersion "1"]
[SourceVersionDate "2023.09.30"]
[SourceQuality "1"]

1. d4 Nf6 2. c4 e6 3. Nc3 Bb4 4. f3 0-0 5. a3 Bxc3+ 6. bxc3 Nh5 7. Nh3 f5 8. e4 fxe4 9. Bg5 Qe8 10. fxe4 e5 11. Be2 Nf6 12. 0-0 d6 13. Bxf6 gxf6 14. Bg4 Nc6 15. Bxc8 Rxc8 16. Nf2 Kh8 17. Rb1 b6 18. Qd3 Qg6 19. Rb2 f5 20. exf5 Rxf5 21. Ne4 Rxf1+ 22. Kxf1 Rf8+ 23. Rf2 Rxf2+ 24. Kxf2 exd4 25. cxd4 Qg7 26. c5 d5 27. Nc3 Qf6+ 28. Kg1 Nxd4 29. cxb6 axb6 30. Nxd5 Qe5 31. Qf1 Kg7 32. Nf4 Qxf4 33. Qe1 Qc1 0-1

[Event "Asuncion CIT op"]
[Site "Asuncion"]
[Date "2023.08.13"]
[Round "3"]
[White "Almiron, Antonio"]
[Black "Barrientos, Ernesto"]
[Result "1/2-1/2"]
[WhiteElo "2319"]
[BlackElo "1982"]
[PlyCount "23"]
[EventDate "2023.08.12"]
[EventType "swiss"]
[EventRounds "9"]
[EventCountry "PAR"]
[SourceTitle "CBM 215 Extra"]
[Source "ChessBase"]
[SourceDate "2023.09.30"]
[SourceVersion "1"]
[SourceVersionDate "2023.09.30"]
[SourceQuality "1"]

1. d4 Nf6 2. c4 e6 3. Nc3 c5 4. d5 exd5 5. cxd5 d6 6. Nf3 g6 7. h3 Bg7 8. Bf4 0-0 9. e3 Na6 10. Nd2 Nc7 11. Qf3 b5 12. e4 1/2-1/2

[Event "Asuncion CIT op"]
[Site "Asuncion"]
[Date "2023.08.12"]
[Round "1"]
[White "Almiron, Antonio"]
[Black "Benitez, Jhony"]
[Result "1-0"]
[WhiteElo "2319"]
[BlackElo "1446"]
[PlyCount "47"]
[EventDate "2023.08.12"]
[EventType "swiss"]
[EventRounds "9"]
[EventCountry "PAR"]
[SourceTitle "CBM 215 Extra"]
[Source "ChessBase"]
[SourceDate "2023.09.30"]
[SourceVersion "1"]
[SourceVersionDate "2023.09.30"]
[SourceQuality "1"]

1. d4 e6 2. c4 d5 3. Nc3 Nf6 4. Nf3 Be7 5. Bg5 Nbd7 6. e3 c6 7. Qc2 h6 8. Bh4 dxc4 9. Bxc4 Nb6 10. Be2 Nfd5 11. Bg3 Nd7 12. 0-0 g5 13. e4 Nf4 14. Bxf4 gxf4 15. Rad1 Bg5 16. Rfe1 0-0 17. Bc4 Qe7 18. e5 b5 19. Bb3 a5 20. Qe4 Kg7 21. Bc2 Rh8 22. Nxb5 cxb5 23. Qxa8 Qd8 24. Qc6 1-0

[Event "Coronel Oviedo Friedmann Cup"]
[Site "Coronel Oviedo"]
[Date "2023.07.15"]
[Round "2"]
[White "Sosa, Juan"]
[Black "Almiron, Antonio"]
[Result "1-0"]
[WhiteElo "1527"]
[BlackElo "2327"]
[PlyCount "138"]
[EventDate "2023.07.14"]
[EventType "swiss"]
[EventRounds "7"]
[EventCountry "PAR"]
[SourceTitle "EXT 2024"]
[Source "ChessBase"]
[SourceDate "2023.10.10"]
[SourceVersion "1"]
[SourceVersionDate "2023.10.10"]
[SourceQuality "1"]

1. d4 c5 2. c3 d5 3. Nf3 Nf6 4. Bf4 Qb6 5. Qc2 Nc6 6. e3 Bf5 7. dxc5 Bxc2 8. cxb6 axb6 9. Nbd2 Nd7 10. Bb5 Ba4 11. Bxa4 Rxa4 12. Nb3 e5 13. Bg3 f6 14. Ke2 Kf7 15. Rad1 Ke6 16. a3 Be7 17. Rd2 Nc5 18. Nxc5+ bxc5 19. Rhd1 Rd8 20. h3 Ra6 21. Bh2 Na5 22. Rc2 g5 23. g4 Nc6 24. Bg3 Raa8 25. c4 d4 26. exd4 cxd4 27. Kd3 Rac8 28. Nd2 b6 29. Rh1 Na5 30. h4 h6 31. hxg5 hxg5 32. Rh6 Nb7 33. Ne4 Nc5+ 34. Nxc5+ bxc5 35. Re2 Kd7 36. Rh1 Rb8 37. Kc2 Rb6 38. Ra1 Rdb8 39. Ra2 Bd6 40. Rd2 e4 41. Bxd6 Kxd6 42. b4 Ke5 43. b5 Kf4 44. a4 Kxg4 45. a5 Ra8 46. Kd1 Rbb8 47. Rdb2 Kf3 48. b6 Ra6 49. Rb5 f5 50. Rxc5 f4 51. Rxg5 Rbxb6 52. axb6 Rxa2 53. b7 e3 54. fxe3 dxe3 55. Kc1 e2 56. Re5 Ra3 57. Rxe2 Kxe2 58. b8Q Ke3 59. Qb6+ Kf3 60. c5 Re3 61. c6 Ke2 62. c7 Rc3+ 63. Kb2 Rxc7 64. Qxc7 f3 65. Qe5+ Kf1 66. Kc2 f2 67. Kd2 Kg1 68. Qg3+ Kf1 69. Qf3 Kg1 1-0

[Event "Villa Martelli Panno 70-B"]
[Site "Villa Martelli"]
[Date "2023.05.16"]
[Round "9"]
[White "Villegas, Franco"]
[Black "Almiron, Antonio"]
[Result "1-0"]
[WhiteElo "2355"]
[BlackElo "2325"]
[PlyCount "87"]
[EventDate "2023.05.09"]
[EventType "tourn"]
[EventRounds "9"]
[EventCountry "ARG"]
[EventCategory "3"]
[SourceTitle "CBM 214 Extra"]
[Source "ChessBase"]
[SourceDate "2023.07.31"]
[SourceVersion "1"]
[SourceVersionDate "2023.07.31"]
[SourceQuality "1"]

1. e4 e5 2. Nf3 Nc6 3. Bb5 a6 4. Ba4 Nf6 5. 0-0 Be7 6. Re1 b5 7. Bb3 d6 8. c3 0-0 9. h3 Nb8 10. d4 Nbd7 11. Nbd2 Bb7 12. Bc2 Re8 13. Nf1 Bf8 14. Ng3 g6 15. Bg5 h6 16. Be3 Nb6 17. b3 c5 18. Qd2 Kh7 19. d5 Nfd7 20. Nh2 a5 21. Bd3 c4 22. bxc4 Nxc4 23. Bxc4 bxc4 24. f4 exf4 25. Bxf4 Nc5 26. Ng4 Qh4 27. e5 dxe5 28. Bxe5 Rxe5 29. Rxe5 Nd3 30. Nf5 gxf5 31. Rxf5 Kh8 32. Raf1 Bc8 33. Rxf7 Bc5+ 34. Kh2 Bxg4 35. R1f6 Kg8 36. Rxh6 Bd6+ 37. Kh1 Rb8 38. Rf1 Rb2 39. Rxh4 Rxd2 40. Rxg4+ Kh7 41. Rxc4 Rxa2 42. Rc6 Bf4 43. Rb1 Be5 44. Rb7+ 1-0

[Event "Villa Martelli Panno 70-B"]
[Site "Villa Martelli"]
[Date "2023.05.14"]
[Round "7"]
[White "Melian, Juan Sebastian"]
[Black "Almiron, Antonio"]
[Result "1-0"]
[WhiteElo "2293"]
[BlackElo "2325"]
[PlyCount "127"]
[EventDate "2023.05.09"]
[EventType "tourn"]
[EventRounds "9"]
[EventCountry "ARG"]
[EventCategory "3"]
[SourceTitle "CBM 214 Extra"]
[Source "ChessBase"]
[SourceDate "2023.07.31"]
[SourceVersion "1"]
[SourceVersionDate "2023.07.31"]
[SourceQuality "1"]

1. e4 e5 2. Bc4 Nf6 3. d3 Nc6 4. Nc3 Bb4 5. Nge2 d5 6. exd5 Nxd5 7. 0-0 Be6 8. Bxd5 Bxd5 9. f4 Bxc3 10. Nxc3 0-0 11. Qg4 f6 12. Be3 Rf7 13. Rae1 Qd7 14. f5 b6 15. Ne2 Re7 16. Ng3 Kf8 17. Nh5 Nd8 18. c4 Bb7 19. d4 Nc6 20. d5 Nb4 21. Rf3 Rf7 22. Rd1 g6 23. Ng3 Kg7 24. Qh4 g5 25. Qg4 Kh8 26. Ne4 Rg8 27. Bd2 a5 28. a3 Nxd5 29. cxd5 Qxd5 30. Re1 Qd4+ 31. Rf2 Bxe4 32. Qxe4 Qxb2 33. Qd5 Rgg7 34. Bxg5 Qd4 35. Qxd4 exd4 36. Bh6 Rg8 37. a4 Rd7 38. Rc2 c5 39. Re6 d3 40. Rd2 Rc8 41. Kf2 c4 42. Ke3 c3 43. Rxd3 c2 44. Ke2 Rxd3 45. Kxd3 c1Q 46. Bxc1 Rxc1 47. Rxf6 Ra1 48. Rxb6 Rxa4 49. Ke3 Kg7 50. Kf3 Ra2 51. Kg3 a4 52. Ra6 a3 53. Kh3 h5 54. Kg3 Kh7 55. Kf3 Kg7 56. h3 h4 57. Ra4 Kf6 58. Rxh4 Rb2 59. Ra4 a2 60. Ra5 Rb3+ 61. Kg4 Rb2 62. g3 Rb4+ 63. Kh5 Rb3 64. Kh4 1-0

[Event "Villa Martelli Panno 70-B"]
[Site "Villa Martelli"]
[Date "2023.05.12"]
[Round "4"]
[White "Almiron, Antonio"]
[Black "Fiorito, Francisco"]
[Result "1/2-1/2"]
[WhiteElo "2325"]
[BlackElo "2305"]
[PlyCount "122"]
[EventDate "2023.05.09"]
[EventType "tourn"]
[EventRounds "9"]
[EventCountry "ARG"]
[EventCategory "3"]
[SourceTitle "CBM 214 Extra"]
[Source "ChessBase"]
[SourceDate "2023.07.31"]
[SourceVersion "1"]
[SourceVersionDate "2023.07.31"]
[SourceQuality "1"]

1. e4 c5 2. Nf3 Nc6 3. c3 Nf6 4. e5 Nd5 5. Bc4 Nb6 6. Bb3 d5 7. exd6 Qxd6 8. 0-0 c4 9. Bc2 Bg4 10. Re1 e6 11. Na3 Qd7 12. b3 cxb3 13. axb3 Be7 14. d4 Bh5 15. Qe2 Bg6 16. Bb2 Bxc2 17. Nxc2 0-0 18. c4 Rfe8 19. h4 Bf8 20. g3 f6 21. Kg2 Qf7 22. Rh1 Qh5 23. Ne3 Rad8 24. Bc3 a6 25. Rhe1 Bb4 26. Bxb4 Nxb4 27. Qd2 Nc6 28. Qc3 Kh8 29. Ra2 h6 30. Rae2 Qf7 31. Nc2 Kg8 32. Re3 Re7 33. R1e2 Rde8 34. Nd2 f5 35. Nf3 f4 36. Re4 fxg3 37. fxg3 Qg6 38. Nb4 Nd7 39. R4e3 Rf7 40. Nd3 Rff8 41. b4 Qg4 42. Nf2 Qf5 43. Ne4 Qg4 44. Nd6 Rb8 45. Re4 Qh5 46. g4 Qg6 47. b5 axb5 48. cxb5 Ne7 49. h5 Nd5 50. Qb3 Qf6 51. Rxe6 Nf4+ 52. Kf2 Nxe6 53. Qxe6+ Qxe6 54. Rxe6 Rf6 55. d5 Rbf8 56. Nf5 R6f7 57. Kg3 Ra8 58. Nd6 Rff8 59. Re7 Nb6 60. Nf5 Rf7 61. d6 Nd5 1/2-1/2

[Event "Martelli Young Talents"]
[Site "Villa Martelli"]
[Date "2023.04.21"]
[Round "9"]
[White "Romero Barreto, Jaime Jose"]
[Black "Almiron, Antonio"]
[Result "1/2-1/2"]
[WhiteElo "2349"]
[BlackElo "2330"]
[PlyCount "40"]
[EventDate "2023.04.13"]
[EventType "tourn"]
[EventRounds "9"]
[EventCountry "ARG"]
[EventCategory "4"]
[SourceTitle "CBM 213 Extra"]
[Source "ChessBase"]
[SourceDate "2023.05.31"]
[SourceVersion "1"]
[SourceVersionDate "2023.05.31"]
[SourceQuality "1"]

1. e4 c5 2. Nf3 d6 3. d3 Nc6 4. g3 g6 5. Bg2 Bg7 6. 0-0 Rb8 7. a4 Nf6 8. Nc3 0-0 9. h3 a6 10. Be3 e5 11. Qd2 b5 12. axb5 axb5 13. Bh6 b4 14. Nd1 Nd4 15. Bxg7 Nxf3+ 16. Bxf3 Kxg7 17. Kg2 Be6 18. Ne3 Qd7 19. Rh1 Ra8 20. h4 h6 1/2-1/2

[Event "Martelli Young Talents"]
[Site "Villa Martelli"]
[Date "2023.04.19"]
[Round "7"]
[White "Oro, Faustino"]
[Black "Almiron, Antonio"]
[Result "1-0"]
[WhiteElo "2288"]
[BlackElo "2330"]
[PlyCount "61"]
[EventDate "2023.04.13"]
[EventType "tourn"]
[EventRounds "9"]
[EventCountry "ARG"]
[EventCategory "4"]
[SourceTitle "CBM 213 Extra"]
[Source "ChessBase"]
[SourceDate "2023.05.31"]
[SourceVersion "1"]
[SourceVersionDate "2023.05.31"]
[SourceQuality "1"]

1. e4 c5 2. Nf3 d6 3. d4 cxd4 4. Nxd4 Nf6 5. Nc3 a6 6. Be2 e6 7. Be3 Be7 8. 0-0 0-0 9. f4 Qc7 10. Bf3 Nc6 11. Nb3 b5 12. a3 Bb7 13. Qe1 Rfe8 14. Rd1 Rac8 15. g4 b4 16. axb4 Nxb4 17. Qf2 d5 18. e5 Ne4 19. Bxe4 dxe4 20. Nd4 Ba8 21. h4 Bf8 22. h5 Qb8 23. h6 g6 24. f5 exf5 25. gxf5 Qxe5 26. fxg6 fxg6 27. Qf7+ Kh8 28. Nde2 Nxc2 29. Rd7 Be7 30. Bf4 Qf6 31. Bd6 1-0

[Event "Martelli Young Talents"]
[Site "Villa Martelli"]
[Date "2023.04.16"]
[Round "4"]
[White "Francisco Guecamburu, Candela Be"]
[Black "Almiron, Antonio"]
[Result "1/2-1/2"]
[WhiteElo "2240"]
[BlackElo "2330"]
[PlyCount "37"]
[EventDate "2023.04.13"]
[EventType "tourn"]
[EventRounds "9"]
[EventCountry "ARG"]
[EventCategory "4"]
[SourceTitle "CBM 213 Extra"]
[Source "ChessBase"]
[SourceDate "2023.05.31"]
[SourceVersion "1"]
[SourceVersionDate "2023.05.31"]
[SourceQuality "1"]

1. e4 e5 2. Nf3 Nc6 3. Bb5 a6 4. Ba4 Nf6 5. d3 Bc5 6. c3 d6 7. h3 Bd7 8. 0-0 Ba7 9. Re1 h6 10. d4 0-0 11. Be3 Re8 12. Nbd2 exd4 13. cxd4 Nxe4 14. d5 Nxd2 15. dxc6 Nxf3+ 16. Qxf3 bxc6 17. Bxa7 Rxa7 18. Bxc6 a5 19. Rac1 1/2-1/2

[Event "Florianopolis op 9th"]
[Site "Florianopolis"]
[Date "2023.01.29"]
[Round "10"]
[White "Volkmann, Andre Jordi"]
[Black "Almiron, Antonio"]
[Result "0-1"]
[WhiteElo "2129"]
[BlackElo "2334"]
[PlyCount "50"]
[EventDate "2023.01.23"]
[EventType "swiss"]
[EventRounds "10"]
[EventCountry "BRA"]
[SourceTitle "CBM 212 Extra"]
[Source "ChessBase"]
[SourceDate "2023.03.31"]
[SourceVersion "1"]
[SourceVersionDate "2023.03.31"]
[SourceQuality "1"]

1. Nf3 g6 2. b3 Bg7 3. d4 c5 4. Bb2 cxd4 5. Nxd4 Nf6 6. e3 0-0 7. Be2 d5 8. 0-0 b6 9. Nd2 Bb7 10. c4 Nbd7 11. cxd5 Nxd5 12. Nc4 a6 13. a4 Nc5 14. Rc1 Rc8 15. Ba3 Re8 16. b4 Ne4 17. Qb3 Ndc3 18. Bg4 Bxd4 19. Bxc8 Ne2+ 20. Kh1 Nxc1 21. Rxc1 Bxc8 22. Qc2 Bf5 23. exd4 Ng3+ 24. hxg3 Bxc2 25. Rxc2 Qxd4 0-1

[Event "Florianopolis op 9th"]
[Site "Florianopolis"]
[Date "2023.01.27"]
[Round "7"]
[White "Almiron, Antonio"]
[Black "Silva, Kaua Marques"]
[Result "1/2-1/2"]
[WhiteElo "2334"]
[BlackElo "2196"]
[PlyCount "79"]
[EventDate "2023.01.23"]
[EventType "swiss"]
[EventRounds "10"]
[EventCountry "BRA"]
[SourceTitle "CBM 212 Extra"]
[Source "ChessBase"]
[SourceDate "2023.03.31"]
[SourceVersion "1"]
[SourceVersionDate "2023.03.31"]
[SourceQuality "1"]

1. Nf3 Nf6 2. c4 e6 3. g3 d5 4. Bg2 dxc4 5. Qa4+ Bd7 6. Qxc4 Bc6 7. 0-0 Nbd7 8. Qc2 Be7 9. Nc3 0-0 10. d4 b5 11. Bf4 Rc8 12. d5 Nxd5 13. Nd4 Ba8 14. Nxd5 exd5 15. Nxb5 Bc5 16. b4 Bb6 17. Rad1 Qe7 18. a3 Ne5 19. Nc3 c6 20. e4 g5 21. Bc1 a5 22. Na4 Ba7 23. bxa5 d4 24. Nb6 Bxb6 25. axb6 c5 26. f4 Nd7 27. e5 Bxg2 28. Qxg2 Nxb6 29. Rde1 gxf4 30. Bxf4 Qe6 31. Bg5 Nd7 32. Bf6 Rfe8 33. Qf3 Nxf6 34. exf6 Qh3 35. Qd5 h6 36. Re7 Rxe7 37. fxe7 Qe6 38. Qd8+ Kg7 39. h4 f5 40. Rxf5 1/2-1/2

[Event "Florianopolis op 9th"]
[Site "Florianopolis"]
[Date "2023.01.26"]
[Round "5"]
[White "Almiron, Antonio"]
[Black "Curi, Gabriel"]
[Result "1-0"]
[WhiteElo "2334"]
[BlackElo "2136"]
[PlyCount "65"]
[EventDate "2023.01.23"]
[EventType "swiss"]
[EventRounds "10"]
[EventCountry "BRA"]
[SourceTitle "CBM 212 Extra"]
[Source "ChessBase"]
[SourceDate "2023.03.31"]
[SourceVersion "1"]
[SourceVersionDate "2023.03.31"]
[SourceQuality "1"]

1. d4 e6 2. Nf3 f5 3. e3 Nf6 4. Bd3 d5 5. 0-0 Bd6 6. c4 c6 7. b3 Qe7 8. Bb2 0-0 9. Nc3 Ne4 10. Rc1 Nd7 11. Ne2 Qf6 12. Rc2 g5 13. Qa1 Qh6 14. Ne5 Bxe5 15. dxe5 Nec5 16. Qd1 Rd8 17. cxd5 Nxd3 18. Qxd3 exd5 19. f4 g4 20. Ng3 Nf8 21. Nxf5 Bxf5 22. Qxf5 Qg6 23. Qxg6+ hxg6 24. h3 gxh3 25. g4 Ne6 26. Rh2 Rd7 27. Rxh3 Rf8 28. f5 gxf5 29. gxf5 Rg7+ 30. Kh2 Rff7 31. Rh6 Rg5 32. Bc3 Ng7 33. e6 1-0

[Event "Florianopolis op 9th"]
[Site "Florianopolis"]
[Date "2023.01.25"]
[Round "4"]
[White "Calcado, Acyr Rogerio"]
[Black "Almiron, Antonio"]
[Result "1/2-1/2"]
[WhiteElo "2106"]
[BlackElo "2334"]
[PlyCount "106"]
[EventDate "2023.01.23"]
[EventType "swiss"]
[EventRounds "10"]
[EventCountry "BRA"]
[SourceTitle "CBM 212 Extra"]
[Source "ChessBase"]
[SourceDate "2023.03.31"]
[SourceVersion "1"]
[SourceVersionDate "2023.03.31"]
[SourceQuality "1"]

1. e4 c5 2. Nf3 d6 3. d4 cxd4 4. Nxd4 Nf6 5. Nc3 g6 6. Be2 Bg7 7. 0-0 0-0 8. Bg5 Nc6 9. Nb3 Be6 10. Qe1 h6 11. Bh4 a5 12. Rd1 a4 13. Nc5 Bc8 14. Bxf6 Bxf6 15. N5xa4 Nd4 16. b3 Nxc2 17. Qd2 Nd4 18. Nd5 Bg7 19. Nab6 Rb8 20. Nxc8 Rxc8 21. Rc1 Rc6 22. Rc4 e6 23. Ne3 Rxc4 24. Bxc4 Qh4 25. f3 Qf4 26. Rd1 b5 27. Bf1 Rc8 28. Ng4 Qxd2 29. Rxd2 h5 30. Ne3 Bh6 31. Rd3 Bxe3+ 32. Rxe3 Rc1 33. Rd3 e5 34. Rd2 Kf8 35. Kf2 Ke7 36. Rb2 Kd7 37. a4 b4 38. Bc4 f6 39. Bf7 h4 40. Bxg6 Ke7 41. Bh7 Kf7 42. Bf5 Rc3 43. a5 Nxb3 44. a6 Nc5 45. Ra2 Nd3+ 46. Kf1 b3 47. a7 bxa2 48. a8Q Rc1+ 49. Ke2 Nf4+ 50. Kd2 a1Q 51. Qb7+ Kf8 52. Qb8+ Kf7 53. Qb7+ Kf8 1/2-1/2

[Event "Mercosur Cup 24th"]
[Site "Buenos Aires"]
[Date "2022.11.04"]
[Round "5"]
[White "Almiron, Antonio"]
[Black "Campos, Maria Jose"]
[Result "1-0"]
[WhiteElo "2330"]
[BlackElo "2259"]
[PlyCount "79"]
[EventDate "2022.10.31"]
[EventType "tourn"]
[EventRounds "9"]
[EventCountry "ARG"]
[EventCategory "2"]
[SourceTitle "CBM 211 Extra"]
[Source "ChessBase"]
[SourceDate "2023.01.31"]
[SourceVersion "1"]
[SourceVersionDate "2023.01.31"]
[SourceQuality "1"]

1. c4 e6 2. Nf3 Nf6 3. g3 d5 4. Bg2 d4 5. 0-0 Nc6 6. d3 e5 7. e3 h6 8. exd4 exd4 9. Re1+ Be7 10. Na3 0-0 11. Nc2 a5 12. b3 Bc5 13. a3 Re8 14. Rxe8+ Nxe8 15. Rb1 Qe7 16. Qd2 Bg4 17. h3 Bxf3 18. Bxf3 Ne5 19. Bg2 Rd8 20. f4 Nc6 21. b4 Ba7 22. Bb2 Qf6 23. Re1 axb4 24. axb4 Ne7 25. Kh2 c5 26. Bxb7 Nd6 27. Bg2 Ndf5 28. bxc5 Bb8 29. Qa5 Rc8 30. Qb6 Nc6 31. Qa6 Rc7 32. Bxc6 Rxc6 33. Qb7 Bc7 34. Nxd4 Bxf4 35. Re8+ Kh7 36. Qxc6 Bxg3+ 37. Kh1 Nd6 38. Nf3 Qxb2 39. cxd6 Qf2 40. Qe4+ 1-0

[Event "Mercosur Cup 24th"]
[Site "Buenos Aires"]
[Date "2022.10.31"]
[Round "1"]
[White "Almiron, Antonio"]
[Black "Fiorito, Joaquin"]
[Result "1/2-1/2"]
[WhiteElo "2330"]
[BlackElo "2344"]
[PlyCount "41"]
[EventDate "2022.10.31"]
[EventType "tourn"]
[EventRounds "9"]
[EventCountry "ARG"]
[EventCategory "2"]
[SourceTitle "CBM 211 Extra"]
[Source "ChessBase"]
[SourceDate "2023.01.31"]
[SourceVersion "1"]
[SourceVersionDate "2023.01.31"]
[SourceQuality "1"]

1. d4 d5 2. c4 c6 3. Nf3 Nf6 4. Qb3 e6 5. Bg5 Be7 6. e3 Nbd7 7. Nc3 a6 8. Bd3 0-0 9. a4 dxc4 10. Bxc4 b5 11. axb5 cxb5 12. Be2 Bb7 13. 0-0 Rc8 14. Rfc1 Nb6 15. Ne1 Nc4 16. Bxf6 Bxf6 17. Nxb5 Na5 18. Rxc8 Nxb3 19. Rxd8 Rxd8 20. Ra3 Nc1 21. Nc3 1/2-1/2

[Event "Vicente Lopez ProAm 100 Years op"]
[Site "Buenos Aires"]
[Date "2022.10.11"]
[Round "1"]
[White "Almiron, Antonio"]
[Black "Bosco, Giuliana"]
[Result "1-0"]
[WhiteElo "2339"]
[BlackElo "1848"]
[PlyCount "49"]
[EventDate "2022.10.11"]
[EventType "swiss"]
[EventRounds "9"]
[EventCountry "ARG"]
[SourceTitle "CBM 210 Extra"]
[Source "ChessBase"]
[SourceDate "2022.11.30"]
[SourceVersion "1"]
[SourceVersionDate "2022.11.30"]
[SourceQuality "1"]

1. Nf3 Nf6 2. d4 c5 3. d5 e6 4. c4 exd5 5. cxd5 d6 6. Nc3 g6 7. Nd2 Bg7 8. e4 0-0 9. Be2 a6 10. a4 Re8 11. 0-0 g5 12. Qc2 h6 13. Nc4 Qc7 14. f4 Nh7 15. e5 dxe5 16. fxg5 Nxg5 17. Bxg5 hxg5 18. Ne4 Rf8 19. Nxg5 f5 20. d6 Qd8 21. Qd2 Nc6 22. Qd5+ Kh8 23. Nf7+ Rxf7 24. Qxf7 Nd4 25. Ra3 1-0

[Event "Posadas Misionera op"]
[Site "Posadas"]
[Date "2022.08.13"]
[Round "2"]
[White "Almiron, Antonio"]
[Black "Fernandez, Gabriela"]
[Result "1-0"]
[WhiteElo "2346"]
[BlackElo "1647"]
[PlyCount "65"]
[EventDate "2022.08.13"]
[EventType "swiss"]
[EventRounds "6"]
[EventCountry "ARG"]
[SourceTitle "EXT 2023"]
[Source "ChessBase"]
[SourceDate "2022.10.05"]
[SourceVersion "1"]
[SourceVersionDate "2022.10.05"]
[SourceQuality "1"]

1. Nf3 c5 2. e4 d6 3. d4 cxd4 4. Nxd4 Nf6 5. Nc3 a6 6. f3 e5 7. Nb3 Be7 8. Be3 Be6 9. Qd2 0-0 10. 0-0-0 a5 11. a4 Nc6 12. g4 Nb4 13. g5 Nh5 14. Kb1 Rc8 15. Rg1 g6 16. Bb5 f6 17. gxf6 Nxf6 18. Bg5 b6 19. h4 d5 20. Qh2 Bd6 21. h5 Bf7 22. exd5 e4 23. Qh4 Be5 24. Nxe4 Rxc2 25. Nxf6+ Kh8 26. Rd2 Rxd2 27. Nxd2 Qc8 28. Nc4 Qc5 29. Be3 Qe7 30. Nxe5 Qxe5 31. Bd4 Qf5+ 32. Ne4+ Kg8 33. Qf6 1-0

[Event "PAR-ch sf"]
[Site "Asuncion"]
[Date "2021.11.13"]
[Round "2"]
[White "Almiron, Antonio"]
[Black "Rivelli, Jorge"]
[Result "1-0"]
[WhiteElo "2366"]
[BlackElo "1856"]
[PlyCount "77"]
[EventDate "2021.11.12"]
[EventType "swiss"]
[EventRounds "9"]
[EventCountry "PAR"]
[SourceTitle "EXT 2023"]
[Source "ChessBase"]
[SourceDate "2022.10.05"]
[SourceVersion "1"]
[SourceVersionDate "2022.10.05"]
[SourceQuality "1"]

1. c4 c5 2. Nf3 Nc6 3. d4 cxd4 4. Nxd4 Nxd4 5. Qxd4 Nf6 6. e4 d6 7. Nc3 g6 8. f3 Bg7 9. Be3 0-0 10. Qd2 Bd7 11. Be2 Bc6 12. 0-0 b6 13. b4 Rc8 14. Rac1 Qd7 15. Rfd1 Rfd8 16. Bf1 h5 17. Qf2 Qb7 18. a4 Bd7 19. h3 Be6 20. Nd5 Bxd5 21. cxd5 Rxc1 22. Rxc1 Rc8 23. Qd2 Nd7 24. Bb5 Nb8 25. Be2 Nd7 26. Rc2 Kf8 27. Qc1 Rxc2 28. Qxc2 Ke8 29. Bb5 Kd8 30. Bc6 Qc7 31. Qc4 Ne5 32. Qb5 Bf6 33. a5 bxa5 34. bxa5 Nxc6 35. dxc6 e6 36. Kf1 Kc8 37. Bb6 axb6 38. axb6 Qe7 39. Qa6+ 1-0